[Event "7th RTU Open 2017"]
[Site "Riga"]
[Date "2017.08.12"]
[Round "8"]
[White "Berelowitsch, Alexander"]
[Black "Kryakvin, Dmitry"]
[Result "0-1"]
[WhiteElo "2527"]
[BlackElo "2583"]
[Annotator "TA"]
[PlyCount "76"]
[EventDate "2017.??.??"]
[EventType "swiss"]
[EventCountry "LAT"]
[SourceTitle "playchess.com"]
[Source "ChessBase"]
[SourceQuality "1"]

{[%evp 9,76,-36,-34,-43,0,0,13,0,0,8,54,0,0,-11,-2,-3,32,35,53,2,7,12,2,0,0,-3,0,0,0,0,0,0,0,3,4,11,1,0,0,0,0,0,0,0,0,0,0,0,0,-56,-56,-59,-59,-60,-56,-164,-165,-85,-174,-209,-197,-191,-195,-252,-251,-270,-259,-215,-216]} 1. d4 d5 2. Nc3 Nf6 3. Bf4 e6 4. e3 Bb4 5. Bd3 (5. Nge2 O-O 6. a3 Bd6 7. Ng3 c5 8. dxc5 Bxc5 9. Bd3 Nc6 10. O-O Bd6 11. Bg5 h6 12. Bxf6 Qxf6 {0-1 (74) Navara,D (2734)-Wojtaszek,R (2734) Berlin 2015}) 5... c5 6. dxc5 {D00: 1 d4 d5: Unusual lines} Nc6 7. Nf3 Nd7 8. O-O $146 {The position is equal.} ({Predecessor:} 8. Be2 Nxc5 9. O-O Bxc3 10. bxc3 f6 11. c4 dxc4 12. Qxd8+ Nxd8 {0-1 (83) Secrieru,I (1983)-Girard,E (2277) ICCF email 2009}) 8... Bxc3 9. bxc3 {[#] Black must now prevent Bd6.} e5 10. e4 (10. Bg3 $14) 10... exf4 $11 11. exd5 Ne7 $1 {And now ...0-0 would win.} 12. d6 {aiming for Re1.} O-O {[#] Threatens to win with ...Nc6.} 13. dxe7 Qxe7 14. Qc1 (14. Re1 $14 Qxc5 15. Qd2) 14... Qxc5 15. Qxf4 Qxc3 16. Qd6 Nf6 17. a4 Bg4 18. Qf4 Rfe8 19. h3 Bh5 20. Rab1 Re7 21. Rb3 Qc7 22. Qxc7 Rxc7 23. Ne5 Re8 24. f4 Bg6 $1 25. Nxg6 hxg6 26. a5 Ree7 27. Rfb1 Nd5 28. g3 Nc3 29. Rf1 ({White should play} 29. R1b2 $11) 29... Ne4 $15 {Hoping for ...Nd2.} 30. Bxe4 Rxe4 {[%mdl 4096] Endgame KRR-KRR} 31. Rf2 Ra4 32. Rd3 ({White should try} 32. Rb5 $15) 32... Rxa5 $19 33. Rd8+ Kh7 34. Re2 g5 35. fxg5 Rxg5 36. g4 (36. Kf2 $142) 36... Rgc5 37. Kf1 Rc3 38. h4 R3c4 {Precision: White = 55%, Black = 62%.} 0-1

[Event "7th RTU Open 2017"]
[Site "Riga"]
[Date "2017.08.12"]
[Round "8"]
[White "Sulskis, Sarunas"]
[Black "Kulaots, Kaido"]
[Result "1/2-1/2"]
[WhiteElo "2519"]
[BlackElo "2577"]
[Annotator "TA"]
[PlyCount "107"]
[EventDate "2017.??.??"]
[EventType "swiss"]
[EventCountry "LAT"]
[SourceTitle "playchess.com"]
[Source "ChessBase"]
[SourceQuality "1"]

{[%evp 11,107,-14,10,-3,0,7,13,0,17,5,22,16,16,0,4,0,7,-4,0,-7,0,0,0,0,0,0,0,-7,-6,-6,0,-7,-7,-11,0,0,0,0,0,0,0,0,0,0,0,0,0,4,4,-8,0,-10,117,0,0,0,0,0,23,23,24,5,5,5,5,5,8,4,25,25,61,0,0,0,0,0,0,8,8,0,0,0,0,0,0,0,0,0,0,0,0,0,0,0,0,0,0,0]} 1. d4 Nf6 2. Nf3 g6 3. Bf4 Bg7 4. c3 d6 5. h3 O-O 6. e3 Nc6 {LiveBook: 37 Games} 7. Bb5 {A48: 1 d4 Nf6 2 Nf3 g6: Torre, London and Colle Systems} (7. Be2 Nd7 8. O-O e5 9. Bh2 f5 10. a4 Qe7 11. Na3 Nd8 12. dxe5 Nxe5 13. Nc4 Nxf3+ 14. Bxf3 Nf7 {½-½ (23) Tomashevsky,E (2711)-Salem,A (2656) Sharjah 2017}) 7... Bd7 $146 ({Predecessor:} 7... Nd7 8. Bh2 a6 9. Ba4 b5 10. Bc2 Bb7 11. O-O e5 12. Nbd2 f5 13. dxe5 Ncxe5 14. Nd4 Qe7 {½-½ (43) Sergeev,V (2483)-Mladenov,P (2396) Guben 2011}) 8. a4 Qe8 9. O-O e5 10. Bh2 Rd8 11. Nbd2 a6 12. Bxc6 Bxc6 13. dxe5 Bxf3 14. Qxf3 (14. Nxf3 $5 {[%cal Re5f6]} dxe5 15. Qb3 $14) 14... dxe5 15. Rfd1 e4 16. Qe2 Qc6 17. Be5 Rfe8 18. Bd4 Nd7 19. Qc4 Qxc4 20. Nxc4 Bf8 21. b4 b6 22. b5 f6 23. g4 Kf7 24. Kg2 (24. g5 $5) 24... Ra8 25. Nd2 Bd6 26. c4 f5 27. Nb3 axb5 28. cxb5 Red8 29. a5 bxa5 30. Nxa5 Rdb8 31. Nc4 {Ba7 is the strong threat.} Be7 {[#]} (31... Rxa1 $11 32. Nxd6+ cxd6 33. Bxa1 Ke6) 32. Ra6 (32. Ba7 $1 $16 {[%cal Ra7b8]} Rd8 33. Ra6) 32... Rxa6 $11 33. bxa6 Ra8 34. Ra1 c5 35. Bb2 Ra7 36. Ne5+ Nxe5 37. Bxe5 Bf6 38. Bxf6 Kxf6 39. gxf5 gxf5 {[%mdl 4096] Endgame KR-KR} 40. Ra5 Ke6 41. Kg3 (41. Rxc5 $14 Rxa6 42. Kg3) 41... Kd5 {The position is equal.} 42. Kf4 Kc4 $1 43. Kxf5 Kb4 $1 {[%cal Rb4a5]} 44. Ra1 c4 $1 {[%cal Bc5c4,Bc4c3,Bc3c2][%mdl 32]} 45. Kxe4 c3 $1 {[%cal Rc3c2] White must now prevent ...c2.} 46. Rb1+ Kc4 47. Rb6 c2 48. Rc6+ Kb3 {[#] aiming for ...Rxa6!} 49. Kd3 Rd7+ 50. Ke2 Kb2 51. Rb6+ Kc3 {Strongly threatening ...Rc7.} 52. Rc6+ Kb2 53. Rb6+ Kc3 {Hoping for ...Rc7.} 54. Rc6+ {Precision: White = 62%, Black = 73%.} 1/2-1/2

[Event "7th RTU Open 2017"]
[Site "Riga"]
[Date "2017.08.12"]
[Round "8"]
[White "Lei, Tingjie"]
[Black "Alekseenko, Kirill"]
[Result "1/2-1/2"]
[WhiteElo "2514"]
[BlackElo "2575"]
[Annotator "TA"]
[PlyCount "107"]
[EventDate "2017.??.??"]
[EventType "swiss"]
[EventCountry "LAT"]
[SourceTitle "playchess.com"]
[Source "ChessBase"]
[SourceQuality "1"]

{[%evp 18,107,37,21,19,11,23,23,31,3,14,0,0,0,0,0,0,0,12,16,53,39,31,39,59,35,33,35,35,17,25,23,28,24,19,31,28,27,43,43,42,45,38,36,38,12,12,18,13,13,10,12,28,27,30,22,31,19,26,22,21,13,27,26,24,0,51,28,16,5,7,4,8,0,0,0,0,0,0,0,0,0,0,0,0,0,0,0,0,0,0,0]} 1. d4 d6 2. e4 Nf6 3. Nc3 g6 4. f4 Bg7 5. Nf3 O-O 6. Bd3 Na6 7. O-O c5 8. d5 Bg4 9. h3 Bxf3 10. Qxf3 Nb4 {B09: Pirc Defence: Austrian Attack} 11. a3 (11. a4 Nd7 12. Qe2 Nxd3 13. Qxd3 Qb6 14. Kh1 Rac8 15. a5 Qa6 16. Qxa6 bxa6 17. Bd2 Rb8 18. b3 {0-1 (52) Sethuraman,S (2640)-Malakhov,V (2694) Berlin 2015}) 11... Nxd3 12. Qxd3 Nd7 {White has an edge.} 13. Nd1 a6 $146 ({Find the theoretical novelty and annotate with similar games:} 13... Qc7 14. c4 b5 15. Ne3 bxc4 16. Nxc4 Nb6 17. Rb1 Rab8 18. b3 Nxc4 19. Qxc4 {0-1 (30) Bertusi,M (2000)-Slogar,D (2314) Sisak 2013}) 14. a4 {[#]} b5 $1 {[%mdl 512]} 15. axb5 Qb6 $1 {Hoping for ...c4+.} 16. Qa3 {[%cal Rb5a6]} (16. Rxa6 $2 Rxa6 17. bxa6 c4+ 18. Be3 (18. Qe3 $2 Bd4 $19) 18... cxd3 $19) (16. bxa6 $2 c4+ 17. Be3 (17. Qe3 $2 Bd4 $19) 17... cxd3 $19) 16... Qxb5 17. Qf3 e6 18. Ne3 Nb6 19. f5 exf5 ({Wrong is} 19... Bxb2 $2 20. Bxb2 Qxb2 21. Rab1 $18 (21. fxe6 fxe6 22. Qg4 exd5 $11)) 20. exf5 Rfe8 ({Don't go for} 20... Bxb2 $2 21. Bxb2 Qxb2 22. Rab1 $18) 21. Ng4 {[#] Black must now prevent fxg6.} Qe2 $1 22. fxg6 fxg6 23. Nf6+ Bxf6 $1 24. Qxf6 Rf8 25. Qe6+ Qxe6 26. dxe6 Rxf1+ 27. Kxf1 $11 {[%mdl 4096] Endgame KRB-KRN} Kg7 28. Bf4 Rf8 29. g3 {Strongly threatening e7.} Nc8 30. e7 Nxe7 31. Kg2 Nd5 32. Bxd6 Ne3+ 33. Kg1 Rf5 34. g4 Rd5 35. Rxa6 Nxc2 36. Rc6 Nd4 37. Rc7+ Kf6 38. Be7+ Ke6 39. Bf8 Nf3+ 40. Kf2 Ne5 41. Rxh7 Nd3+ (41... Rd8 $11 42. Re7+ Kf6 43. g5+ Kf5) 42. Kf3 $14 Nxb2 43. Re7+ {The position is equal.} Kf6 44. h4 Rd3+ 45. Ke2 {Rb7 is the strong threat.} Rd8 46. g5+ Kf5 47. Bg7 Nc4 48. Bc3 Rd5 49. Rf7+ Kg4 50. Rg7 Ne5 51. Bxe5 Rxe5+ 52. Kd3 Re6 53. Rh7 Re1 54. Rh6 {Precision: White = 77%, Black = 72%.} 1/2-1/2

[Event "7th RTU Open 2017"]
[Site "Riga"]
[Date "2017.08.12"]
[Round "8"]
[White "Kvon, Andrey"]
[Black "Saveliev, Alexei"]
[Result "1-0"]
[WhiteElo "2500"]
[BlackElo "2396"]
[Annotator "TA"]
[PlyCount "121"]
[EventDate "2017.??.??"]
[EventType "swiss"]
[EventCountry "LAT"]
[SourceTitle "playchess.com"]
[Source "ChessBase"]
[SourceQuality "1"]

{[%evp 20,121,18,20,16,6,37,32,19,4,22,14,31,0,42,27,53,68,104,102,109,110,115,110,98,110,126,116,109,109,118,116,175,163,160,162,168,168,174,175,175,175,172,169,181,168,170,168,166,146,146,134,121,94,107,103,92,99,162,173,167,165,169,129,139,130,130,148,149,36,36,36,33,36,39,33,281,282,276,265,217,109,222,157,620,632,528,523,802,775,601,8,8,8,1258,536,1281,1222,29962,12775,29986,29987,29987,29988]} 1. d4 Nf6 2. c4 e6 3. Nc3 Bb4 4. e3 O-O 5. Bd3 d5 6. Nge2 dxc4 7. Bxc4 e5 8. a3 {E48: Nimzo-Indian: Rubinstein: 5 Bd3 d5 including 6 Ne2, but excluding 6 a3} exd4 9. axb4 dxc3 10. Qxd8 Rxd8 11. bxc3 {LiveBook: 3 Games} Nbd7 {[%cal Bb8d7,Bd7e5,Be5c4][%mdl 32]} 12. Nd4 Ne5 $146 ({Predecessor:} 12... c5 13. bxc5 Nxc5 14. Ba3 b6 15. Bxc5 bxc5 {1-0 (36) Khismatullin,D (2635)-Vorobiov,E (2581) St Petersburg 2011}) 13. Be2 Ne4 14. Bb2 {[%cal Bc1b2,Bb2a3,Ba3b4][%mdl 32]} Nd6 15. f3 Bd7 16. Kf2 b6 17. Rhb1 Nec4 18. b5 Na5 19. Ba3 Ndc4 20. Bb4 Bc8 21. Ra2 a6 22. Rba1 axb5 23. Bxc4 bxc4 24. Bxa5 {Nc6 is the strong threat.} bxa5 25. Rxa5 Rb8 (25... Bb7 $16 26. e4 Kf8) 26. R1a2 Rb7 27. Rc5 Be6 28. e4 Kf8 29. h4 Rdb8 30. g4 Ke7 31. Ke3 Kd6 32. Raa5 Rb1 33. e5+ Kd7 34. Ra7 R8b7 35. Rxb7 Rxb7 $16 {[%mdl 4096] Endgame KRB-KRN} 36. Ke4 Rb1 37. Nxe6 fxe6 38. Rxc4 {KR-KR} g6 (38... Re1+ $16 39. Kf4 h6) 39. Kf4 $18 h6 40. Rd4+ Ke7 41. Rb4 Rh1 42. Kg3 Rg1+ 43. Kf2 Rh1 44. Rb8 (44. Rc4 $16) 44... Rxh4 $14 45. Rg8 g5 $1 46. Rg7+ Kd8 47. Kg2 h5 $2 ({Black should try} 47... c6 $14) 48. Rxg5 $18 hxg4 49. fxg4 Kd7 50. c4 (50. Rg8 $18) 50... Rh7 {[#]} (50... Kc6 $16 {keeps fighting.}) 51. Rh5 $1 {[%cal Rh5h7]} Rg7 $2 {[#]} (51... Rf7 $16 52. Kg3 Rf1 53. Rh7+ Kc6) 52. Kg3 $1 Kc6 {If only Black now had time for ...Kc5....} 53. Rh6 Kc5 54. Rxe6 Kxc4 55. Re8 $2 (55. Rf6 $18 {And now Kf4 would win.} Kd5 56. Kf4) 55... Kd5 $11 56. Kf4 c5 $2 {[%mdl 8192]} (56... Rf7+ $11 57. Kg5 Rf1) 57. Rd8+ (57. e6 $142 Kd6 58. Kf5) 57... Kc6 58. e6 {[%cal Be5e6,Be6e7][%mdl 32]} c4 59. Kf5 Rc7 60. Kf6 c3 61. e7 {Precision: White = 68%, Black = 34%.} 1-0

[Event "7th RTU Open 2017"]
[Site "Riga"]
[Date "2017.08.12"]
[Round "8"]
[White "Wan, Yunguo"]
[Black "Vorobiov, Evgeny E"]
[Result "1/2-1/2"]
[WhiteElo "2482"]
[BlackElo "2569"]
[Annotator "TA"]
[PlyCount "90"]
[EventDate "2017.??.??"]
[EventType "swiss"]
[EventCountry "LAT"]
[SourceTitle "playchess.com"]
[Source "ChessBase"]
[SourceQuality "1"]

{[%evp 14,90,18,0,1,-32,33,21,11,2,10,0,47,41,35,0,0,0,0,16,60,62,77,75,62,75,87,30,52,-10,70,78,23,33,22,20,92,0,0,0,256,179,239,0,0,0,0,0,0,-162,-152,-164,-170,-163,-168,-181,0,0,28,35,35,35,28,0,0,0,28,28,28,0,0,0,28,0,0,0,0,0,0]} 1. e4 c5 2. Nf3 d6 3. d4 cxd4 4. Nxd4 Nf6 5. Nc3 Nc6 6. Bc4 Qb6 7. Nxc6 bxc6 8. Bb3 {LiveBook: 3 Games. B57: Classical Sicilian: Sozin with 6...Qb6} (8. O-O g6 9. Qe1 Qc7 10. Bf4 Nd7 11. Qe3 Bg7 12. Bh6 O-O 13. Bxg7 Kxg7 14. b3 a5 15. Rad1 Ba6 16. Bxa6 Rxa6 {½-½ (64) Antal,G (2562)-Schlosser,P (2571) Austria 2016}) 8... e6 9. g4 $146 ({Predecessor:} 9. Be3 Qc7 10. g4 h5 11. gxh5 Rxh5 12. Qf3 Bd7 13. O-O-O Rb8 14. Rhg1 Ra5 15. Rg5 Rxg5 16. Bxg5 {0-1 (33) Thorgeirsson,J (2102)-Thorhallsson,T (2411) Reykjavik 2016}) 9... Be7 (9... d5 $15) 10. g5 $14 {White is slightly better.} Nd7 11. h4 a5 12. Be3 Qc7 13. h5 $36 {[%mdl 2048] White has the initiative.} Nc5 14. Bd4 {[#] Black must now prevent h6.} (14. h6 $5 {[%cal Rh6g7]} g6 15. Qd2 $11) 14... Nxb3 15. axb3 e5 16. Be3 Be6 17. f4 exf4 18. Bxf4 Qb6 19. Qd2 O-O 20. Be3 (20. h6 $16) 20... Qb7 21. g6 ({Better is} 21. h6 $14 g6 22. O-O (22. Qd4 f6 $15)) 21... fxg6 (21... a4 $11) 22. hxg6 hxg6 (22... h6 $16) 23. Qg2 a4 24. Qxg6 Bf6 25. Kd2 (25. Nxa4 $6 Qb4+ 26. Ke2 Bc4+ 27. bxc4 Qxc4+ 28. Kd1 Rxa4 $11) (25. Rxa4 $16 Rxa4 26. Nxa4) 25... axb3 $11 26. Raf1 bxc2 $2 {[%mdl 8192]} (26... Rf7 $11) 27. Qh7+ Kf7 28. Rxf6+ $2 (28. Bd4 $18 {Strongly threatening Rxf6+.} c1=Q+ 29. Kxc1) 28... Kxf6 29. Rf1+ Ke7 30. Qxg7+ Bf7 31. Rxf7+ $2 (31. e5 $11 Qb3 32. Qg5+ Kd7 33. exd6) 31... Rxf7 $19 32. Bg5+ Ke6 33. Qg6+ Ke5 34. Bh4 {[#]} Qd7 $2 (34... Qxb2 35. Bg3+ Rf4 36. Bxf4+ Kd4 37. Qxd6+ Kc4 38. Qxc6+ Kb4 39. Qb5+ Ka3 40. Bd6+ Qb4 41. Qxb4#) (34... Kd4 $1 $19 35. Qxd6+ Kc4 36. Qd3+ Kc5 37. Qe3+ Kc4 38. Qd3+ Kc5 39. Qe3+ Kc4 40. Qd3+) 35. Kxc2 $11 Raf8 {...Rf2+! is the strong threat.} 36. Qg5+ Ke6 $1 {And now ...Rg7 would win.} (36... Kd4 37. Ne2+ Kxe4 38. Nc3+ Kd4 39. Qd2+ Kc4 40. b3+ Kb4 41. Nd5+ Kc5 42. b4+ Kb5 43. Qd3+ Ka4 44. Qa6#) 37. Qg4+ $1 {[%mdl 1024] White has compensation.} Ke5 38. Qg5+ Ke6 $1 {Threatens to win with ...Rg7.} (38... Kd4 39. Ne2+ Kxe4 40. Nc3+ Kd4 41. Qd2+ Kc4 42. b3+ Kb4 43. Nd5+ Kc5 44. b4+ Kb5 45. Qd3+ Ka4 46. Qa6#) 39. Qg4+ $1 Ke5 40. Bg3+ Kf6 $1 ({Inferior is} 40... Kd4 41. Qd1+ Kc5 42. Na4+ Kb5 43. Qd3+ Kxa4 44. Qa6+ Kb4 45. Qb6+ Ka4 46. b3+ Ka3 47. Qa5#) 41. Bh4+ (41. e5+ $5 Ke7 42. Bh4+ Ke8 43. e6 Rf2+ 44. Kd1 Rf1+ 45. Kd2 $16) 41... Ke5 42. Bg3+ Kf6 $1 (42... Kd4 43. Qd1+ Kc5 44. Na4+ Kb5 45. Qd3+ Kxa4 46. Qa6+ Kb4 47. Qb6+ Ka4 48. b3+ Ka3 49. Qa5#) 43. Bh4+ (43. e5+ $5 Ke7 44. Bh4+ Ke8 45. e6 Rf2+ 46. Kc1 Rf1+ 47. Kd2 $16) 43... Ke5 {The position is equal.} 44. Qg5+ Ke6 $1 {aiming for ...Rg7.} (44... Kd4 45. Ne2+ Kxe4 46. Nc3+ Kd4 47. Qd2+ Kc4 48. b3+ Kb4 49. Nd5+ Kc5 50. b4+ Kb5 51. Qd3+ Ka4 52. Qa6#) 45. Qg4+ $1 Ke5 {Precision: White = 41%, Black = 60%.} 1/2-1/2

[Event "7th RTU Open 2017"]
[Site "Riga"]
[Date "2017.08.12"]
[Round "8"]
[White "Shoker, Samy"]
[Black "Ghosh, Diptayan"]
[Result "1/2-1/2"]
[WhiteElo "2472"]
[BlackElo "2562"]
[Annotator "TA"]
[PlyCount "97"]
[EventDate "2017.??.??"]
[EventType "swiss"]
[EventCountry "LAT"]
[SourceTitle "playchess.com"]
[Source "ChessBase"]
[SourceQuality "1"]

{[%evp 21,97,0,23,20,20,20,20,11,11,6,12,14,10,26,46,27,34,27,26,27,62,45,63,35,42,47,47,26,47,54,56,46,132,141,150,41,53,54,54,54,116,69,82,80,131,143,306,306,320,306,362,353,329,310,320,0,216,0,0,0,0,0,0,0,85,0,0,0,0,0,0,0,0,0,0,0,0,0]} 1. Nf3 Nf6 2. g3 g6 3. Bg2 Bg7 4. O-O O-O 5. c4 c6 6. d4 d5 7. cxd5 cxd5 8. Ne5 Ne4 9. Nd2 {D79: Fianchetto Grünfeld: Symmetrical Variation (6 0-0 c6 7 cxd5 cxd5)} (9. Nc3 Nxc3 10. bxc3 Nc6 11. Nxc6 bxc6 12. Qa4 Qb6 13. Ba3 Qa6 14. Qxa6 Bxa6 15. Rfe1 Rfe8 16. Bc5 e6 17. e3 Bf8 18. Bxf8 Kxf8 19. Bf1 Bxf1 20. Kxf1 Reb8 21. Reb1 {½-½ (41) Piorun,K (2638)-Ivanchuk,V (2738) Matanzas 2017}) 9... Bf5 10. Nxe4 Bxe4 11. Bh3 Nc6 {LiveBook: 3 Games} 12. Nxc6 bxc6 13. Be3 Qb6 14. Qd2 $146 ({Predecessor:} 14. f3 Bf5 15. Bxf5 gxf5 16. Qd3 Rab8 17. Rfc1 Qb5 18. Qxb5 Rxb5 {½-½ (41) Paehtz,T (2380)-Heinig,W (2330) Plauen 1980}) 14... Rfb8 15. b3 Qb4 16. Rac1 Qxd2 17. Bxd2 Rb6 18. Bd7 (18. f3 $5 {[%cal Rf3e4]} Bf5 19. Bxf5 gxf5 20. e3 $14) 18... Bxd4 19. Bxc6 Rc8 20. Bd7 Rxc1 21. Rxc1 Rb8 22. Bg5 Kg7 23. Kf1 h6 24. Bd2 (24. Bf4 {is interesting.} e5 25. Bd2 Rb7 26. Bc8 Rb8 27. Bh3) 24... g5 25. b4 Rd8 26. Bb5 e5 (26... Be5 $14) 27. a4 $16 Rb8 28. Rc6 (28. Ba6 $16) 28... Bf5 $14 29. Rd6 Be6 30. e3 Bb2 (30... Bb6 $14) 31. Ra6 $36 {[%mdl 2048] Black is under pressure.} Rb7 $1 32. Bc6 Rc7 ({Black should try} 32... Re7) 33. b5 $16 d4 $2 (33... f6 $16) 34. Ba5 $18 Bc4+ 35. Kg1 Re7 36. Bb4 (36. Bd8 Re6 $18) 36... Re6 37. Rxa7 Bc3 {[#]} 38. Bc5 $2 (38. Bxc3 $1 $18 dxc3 39. Be4) 38... d3 $2 {[#]} (38... Rxc6 $1 $11 39. bxc6 d3) 39. Rd7 $2 (39. Bf3 $1 $18) 39... Rxc6 $11 40. bxc6 {[%mdl 4096] Endgame KRB-KB} d2 41. Kg2 {e4 is the strong threat.} Kh7 42. c7 Bd4 (42... Ba6 $1 $11 {keeps the balance.} 43. Rxf7+ Kg6) 43. Rxd4 ({Don't play} 43. Rxf7+ $6 Bxf7 44. c8=Q Bd5+ 45. f3 (45. Kh3 d1=Q $11) 45... Bxf3+ 46. Kh3 (46. Kxf3 d1=Q+ 47. Ke4 Qh1+ 48. Kd3 Qd1+ 49. Kc4 Qxa4+ 50. Kd5 Qb3+ 51. Kc6 Qxe3 $11) 46... d1=Q $11) (43. c8=Q $16 d1=Q 44. Rxf7+ (44. Rxd4 {is a self mate.} Bf1+ 45. Kg1 Bd3+ 46. Kg2 exd4 47. Qh8+ Kxh8 48. Bxd4+ Kh7 49. h4 Be4+ 50. f3 Bxf3+ 51. Kf2 Qe2+ 52. Kg1 Qg2#) 44... Bxf7 45. Qd7) 43... exd4 {The position is equal.} 44. c8=Q d1=Q 45. Qf5+ Kg8 46. Qc8+ Kh7 47. Qf5+ Kg8 48. Qc8+ Kh7 {( -> ...Bf1+)} 49. Qf5+ {Precision: White = 73%, Black = 46%.} 1/2-1/2

[Event "7th RTU Open 2017"]
[Site "Riga"]
[Date "2017.08.12"]
[Round "8"]
[White "Fedorovsky, Michael"]
[Black "Pultinevicius, Paulius"]
[Result "1/2-1/2"]
[WhiteElo "2467"]
[BlackElo "2389"]
[Annotator "TA"]
[PlyCount "148"]
[EventDate "2017.??.??"]
[EventType "swiss"]
[EventCountry "LAT"]
[SourceTitle "playchess.com"]
[Source "ChessBase"]
[SourceQuality "1"]

{[%evp 13,148,27,61,18,33,4,12,2,5,-4,0,-93,-87,-104,-75,-100,-56,-66,-63,-92,-75,-86,-79,-71,-91,-87,-83,-94,-93,-110,-95,-111,-98,-105,-105,-104,-75,-96,-79,-64,-74,-110,-103,-112,-104,-104,-104,-165,-75,-130,-92,-85,-41,-50,-57,-122,-20,-110,-108,-75,0,-37,0,-8,-8,-10,-10,-9,-9,-10,0,-25,-25,-31,-28,-35,-24,-49,-11,-25,-17,-33,0,-13,0,-83,-31,-31,-31,-53,-31,-31,-8,-49,-49,-76,-97,-147,-147,-147,-146,-146,-76,-76,-53,-76,-33,-76,-53,-76,-78,-88,-17,-19,0,0,0,0,0,0,0,0,0,0,0,0,0,-4,0,0,0,0,0,0,0,0,0]} 1. d4 Nf6 2. Nf3 e6 3. e3 b6 4. Bd3 Bb7 5. O-O d6 6. c4 {A47: 1 d4 Nf6 2 Nf3 b6: Torre, London and Colle Systems} Nbd7 7. Nc3 g6 {LiveBook: 8 Games} 8. b4 $146 {White is slightly better.} ({Predecessor:} 8. Ng5 Bg7 9. f4 O-O 10. e4 e5 11. fxe5 dxe5 12. d5 Qe7 13. Kh1 Nh5 {½-½ (37) Muse,M (2443)-Dgebuadze,A (2544) Germany 2012}) 8... Bg7 9. Bb2 O-O 10. Qe2 Qe7 11. e4 c5 12. a3 (12. bxc5 $11 {keeps the balance.} bxc5 13. d5) 12... cxd4 $17 13. Nxd4 Nh5 14. Qe3 Rfc8 15. Rac1 Ne5 {Strongly threatening ...Ng4.} 16. Nce2 Nxd3 17. Qxd3 d5 $1 18. exd5 exd5 19. cxd5 Bxd5 20. Qd2 Qb7 21. f3 Bc4 22. Rfd1 b5 $1 23. Ng3 Nxg3 24. hxg3 Qb6 {White must now prevent ...Bb3.} 25. Qf2 Re8 26. Rd2 Rad8 27. Rcd1 Rd5 28. f4 Red8 29. Bc3 h5 30. Bb2 {[#]} (30. Ba1 $17 {was forced.}) 30... a5 (30... Bb3 $1 $19 {[%mdl 512] has better winning chances.} 31. Nxb3 Rxd2 32. Rxd2 Rxd2 33. Nxd2 Bxb2 34. Qxb6 axb6) 31. Bc3 (31. bxa5 $142 Qxa5 32. Kh2) 31... axb4 32. axb4 Qb7 33. Qe3 Qa8 34. Nf3 (34. f5 $15) 34... Re8 ({Black should play} 34... Rxd2 $17 35. Bxd2 Rd3) 35. Rxd5 (35. Ne5 $11) 35... Bxd5 36. Ne5 f6 (36... Bxg2 $17 {Threatens to win with ...Bh3.} 37. Ra1 Qd5) 37. Ra1 Qd8 38. Qc5 Be4 39. Re1 Bf5 40. Nf3 Rxe1+ 41. Bxe1 Bd3 (41... Qd7 {is more complex.} 42. Nd4 Bf8 43. Qb6 Qe7 44. Bf2 Bd7) 42. Qd4 (42. Qc6 {keeps more tension.} Kh7 43. Bf2 Qe7 44. Bc5 Qe2 45. Qc7) 42... Qxd4+ 43. Nxd4 $11 {[%mdl 4096] Endgame KBB-KBN} Kf7 44. Kf2 Ke7 45. Ke3 Bf1 46. Bc3 Bh6 47. Kf3 Kd6 48. f5 g5 49. Ne6 {[#]} (49. g4 $11) 49... g4+ (49... Bc4 $1 $17 50. Nc5 g4+ 51. Ke4 Bd5+ 52. Kd3 Bxg2) 50. Kf2 $15 Bd3 51. Bxf6 Bxf5 52. Nf4 h4 53. Bxh4 Ke5 54. Be7 {[#]} Kd4 $1 {[%mdl 1024] Black has strong compensation.} 55. Bc5+ Kc4 56. Ke3 Bg7 57. Ne2 Be5 (57... Bb2 $142 58. Nd4 Bxd4+ 59. Bxd4 Kxb4) 58. Nd4 $17 Bd7 (58... Bxd4+ $5 59. Bxd4 Kxb4 $17) 59. Ke4 Bxg3 {And now ...Bf2 would win.} (59... Bxd4 $5 60. Bxd4 Bc6+ 61. Ke3 Kxb4 $17) 60. Nf5 Bc6+ 61. Ke3 Be5 62. g3 Bc3 ({Better is} 62... Bc7 $17 {aiming for ...Bd7.} 63. Nd6+ Kd5) 63. Nd6+ $11 {The position is equal.} Kb3 64. Kf4 Bd7 65. Nxb5 $1 Bxb5 66. Kxg4 Kc4 67. Kf4 Kd5 68. g4 {[%cal Bg3g4,Bg4g5][%mdl 32]} Be5+ 69. Ke3 Bd7 70. g5 Ke6 71. Bd4 Bxd4+ 72. Kxd4 Kf5 73. b5 Bxb5 74. g6 Kxg6 {Precision: White = 49%, Black = 46%.} 1/2-1/2